Study of an experiment in creating an effective school climate (Record no. 20982)
[ view plain ]
| 000 -LEADER | |
|---|---|
| fixed length control field | 00648nam a2200193Ia 4500 |
| 082 ## - DEWEY DECIMAL CLASSIFICATION NUMBER | |
| Classification number | TE.0010 |
| 100 ## - MAIN ENTRY--AUTHOR NAME | |
| Personal name | Ekambaram, B. |
| 245 #0 - TITLE STATEMENT | |
| Title | Study of an experiment in creating an effective school climate |
| 260 ## - PUBLICATION, DISTRIBUTION, ETC. (IMPRINT) | |
| Year of publication | 1980 |
| Name of publisher | South Gujarat University |
| 300 ## - PHYSICAL DESCRIPTION | |
| Number of Pages | 367p. + C D -16 |
| 650 ## - SUBJECT ADDED ENTRY--TOPICAL TERM | |
| Topical Term | SCHOOL ENVIRONMENT///CLASSROOM ENVIRONMENT |
| 650 ## - SUBJECT ADDED ENTRY--TOPICAL TERM | |
| Topical Term | EDUCATIONAL SOCIOLOGY///CLASSROOM ENVIRONMENT |
| 650 ## - SUBJECT ADDED ENTRY--TOPICAL TERM | |
| Topical Term | CLASSROOM ENVIRONMENT |
| 650 ## - SUBJECT ADDED ENTRY--TOPICAL TERM | |
| Topical Term | INTERACTION ANALYSIS IN EDUCATION |
| 650 ## - SUBJECT ADDED ENTRY--TOPICAL TERM | |
| Topical Term | ENVIRONMENT, CLASSROOM//CLASSROOM ENVIRONMENT |
| 650 ## - SUBJECT ADDED ENTRY--TOPICAL TERM | |
| Topical Term | CLIMATE, CLASSROOM//CLASSROOM ENVIRONMENT |
| 710 ## - ADDED ENTRY--CORPORATE NAME | |
| Corporate name or jurisdiction name as entry element | Desai, D.V. |
| 942 ## - ADDED ENTRY ELEMENTS (KOHA) | |
| Koha item type | Thesis |
| Source of classification or shelving scheme | Dewey Decimal Classification |
| Withdrawn status | Lost status | Damaged status | Not for loan | Home library | Current library | Date acquired | Bill Date | Full call number | Accession Number | Price effective from | Koha item type |
|---|---|---|---|---|---|---|---|---|---|---|---|
| NASSDOC Library | NASSDOC Library | 08/10/2004 | 2008-12-30 | TE.0010 | 32254 | 18/04/2019 | Thesis |
